000 00503nam a2200217Ia 4500
003 OSt
005 20221005115636.0
006 a|||||r|||| 00| 0
007 ta
008 221004b |||||||| |||| 00| 0 eng d
024 _a117235
037 _cTextual
040 _aCRL
_cCRL
_beng
041 _2eng
_aeng
100 _aKashyap Bhukhu J
_9627918
245 0 _aChulllavgagpaali
260 _c1956
650 _aSANSKRIT
942 _cTEXL
_2cc
999 _c1035490
_d1035490